Areas protegidas de Risaralda (Registro nro. 1577)

Detalles MARC
000 -CABECERA
Campo de control 00728nam a2200229 a 4500
005 - FECHA Y HORA DE LA ULTIMA TRANSACCION
Campo de control 20200104041522.0
008 - ELEMENTOS DE LONGITUD FIJA—INFORMACION GENERAL
Campo de control 160115b xxu||||gr|||| 00| 0 spa d
040 ## - FUENTE DE CATALOGACIÓN
Agencia catalogadora original CO-BoIAVH
Agencia transcriptora CO-BoIAVH
041 ## - IDIOMA
Código de idioma para texto/pista de sonido o título separado Español
082 #4 - NUMERO DE CLASIFICACION DECIMAL DEWEY
Número de clasificación 333.720601
Número del ítem L84a
100 1# - ASIENTO PRINCIPAL--NOMBRE PERSONAL
Nombre personal Londoño Mejía, Eduardo
245 1# - MENCION DE TITULO
Título Areas protegidas de Risaralda
Parte restante del título realidad y perspectivas
260 ## - PUBLICACION, DISTRIBUCION, ETC. (PIE DE IMPRENTA)
Lugar de publicación, distribución, etc. Pereira
Nombre del editor, distribuidor, etc. CARDER
Fecha de publicación, distribución, etc. 1998?
300 ## - DESCRIPCION FISICA
Extensión 76 paginas.
Dimensiones 28 x 22 cm
650 #4 - ASIENTO SECUNDARIO DE MATERIA - TERMINO TEMATICO
Término temático o nombre geográfico como elemento de entrada Areas protegidas
650 #4 - ASIENTO SECUNDARIO DE MATERIA - TERMINO TEMATICO
Término temático o nombre geográfico como elemento de entrada Reservas naturales
650 #4 - ASIENTO SECUNDARIO DE MATERIA - TERMINO TEMATICO
Término temático o nombre geográfico como elemento de entrada Reservas naturales de la sociedad civil
650 #4 - ASIENTO SECUNDARIO DE MATERIA - TERMINO TEMATICO
Término temático o nombre geográfico como elemento de entrada Parques nacionales naturales
662 ## - ASIENTO SECUNDARIO DE MATERIA - JERARQUIA DEL NOMBRE DE LUGAR(
País o entidad mayor Colombia
Jurisdicción política de primer orden Risaralda
700 1# - ASIENTO SECUNDARIO - NOMBRE PERSONAL
Nombre personal Guevara Mejía, Mónica
942 ## - ELEMENTOS ADICIONALES (KOHA)
Tipo de ítem Libro
Sistema de clasificación Dewey Decimal Classification
Existencias
Withdrawn status Lost status Sistema de Clasificación Damaged status No para préstamo Colección Inventariado Ubicación Permanente Ubicación actual Fecha de adquisición Fuente de Valor Valor Total Checkouts Número topográfico Inventario / Código de Barras Date last seen Ejemplar Price effective from Forma de adquisición Tipo de material
    Dewey Decimal Classification     General Inventariado 2017 Bogotá Bogotá 28/04/2000 Instituto 39000.00   LB-333.720601 L84a 002166 04/12/2012 Ej.1 04/12/2012   Libro